Usborne illustrated elementary math dictionary / (Record no. 2989)

MARC details
000 -LEADER
fixed length control field 01157nam a22002777a 4500
001 - CONTROL NUMBER
control field 2989
003 - CONTROL NUMBER IDENTIFIER
control field FISKH
005 - DATE AND TIME OF LATEST TRANSACTION
control field 20240129144432.0
008 - FIXED-LENGTH DATA ELEMENTS--GENERAL INFORMATION
fixed length control field 240129b cb ||||| |||| 00| 0 eng d
020 ## - INTERNATIONAL STANDARD BOOK NUMBER
International Standard Book Number 9780545289177
040 ## - CATALOGING SOURCE
Original cataloging agency FISKH
Language of cataloging eng
Transcribing agency FISKH
Modifying agency FISKH
050 ## - LIBRARY OF CONGRESS CALL NUMBER
Classification number QA5.R64
082 ## - DEWEY DECIMAL CLASSIFICATION NUMBER
Classification number 510
100 ## - MAIN ENTRY--PERSONAL NAME
Personal name Rogers, Kirsteen
245 ## - TITLE STATEMENT
Title Usborne illustrated elementary math dictionary /
Statement of responsibility, etc. Kirsteen Rogers and Tori Large ; Designed by Karen Tomlins ; Math consultant : Sheila Ebbutt, Beam Education ; Illustrated by Ruth Russel ; American editor : Carrie A. Armstrong ; US consultant : Rhoda Bennett
260 ## - PUBLICATION, DISTRIBUTION, ETC.
Place of publication, distribution, etc. New York :
Name of publisher, distributor, etc. Scholastic,
Date of publication, distribution, etc. 2010.
300 ## - PHYSICAL DESCRIPTION
Extent 135 pages :
Other physical details color illustrations ;
Dimensions 24 cm
520 ## - SUMMARY, ETC.
Summary, etc. Defines key terms and concepts dealing with numbers and number facts, calculations, shape and space, measurements, and data.
650 ## - SUBJECT ADDED ENTRY--TOPICAL TERM
Topical term or geographic name entry element Usborne Math Dictionary
Form subdivision non-fiction
700 ## - ADDED ENTRY--PERSONAL NAME
Personal name Large, Tori
Relator term Author
700 ## - ADDED ENTRY--PERSONAL NAME
Personal name Tomlins, Karen
Relator term Designer
700 ## - ADDED ENTRY--PERSONAL NAME
Personal name Ebbutt Sheila
Relator term Math consulter
700 ## - ADDED ENTRY--PERSONAL NAME
Personal name Russel, Ruth
Relator term Illustrator
700 ## - ADDED ENTRY--PERSONAL NAME
Personal name Armstrong, Carrie A.
Relator term American editor
942 ## - ADDED ENTRY ELEMENTS (KOHA)
Source of classification or shelving scheme Dewey Decimal Classification
Koha item type Books
Suppress in OPAC No
Holdings
Withdrawn status Lost status Source of classification or shelving scheme Damaged status Not for loan Collection Home library Current library Shelving location Date acquired Total Checkouts Full call number Barcode Date last seen Copy number Price effective from Koha item type
    Dewey Decimal Classification     Non-Fiction Footprints International School Library Network Toul Kork Campus Footprints International School Library Network Toul Kork Campus   01/29/2024   ROG 510 QA5.R64 FISTK04805 01/29/2024 1 01/29/2024 Books
    Dewey Decimal Classification     Non-Fiction Footprints International School Library Network Toul Tom Poung Campus Footprints International School Library Network Toul Tom Poung Campus TTP Secondary Non-Fiction Bookshelves 04/22/2025   ROG 510 QA5.R64 FISSE00542 04/22/2025 2 04/22/2025 Books